000 00294nam a2200109Ia 4500
008 220204s9999 xx 000 0 und d
082 _a339.5
_bBHA
100 _aBHATTACHARYA, Anindya K
245 0 _aForeign trade and international development
260 _aLondon
_bLexington
_c1976
942 _cBK
999 _c28024
_d28024